000 00461nam a2200217 454500
001 069804
003 BD-ChCU
008 Eng
020 _ax
040 _aDLC
_cDLC
_dBD-ChCU
082 0 0 _a156/ALO
100 1 _aAltman, Joseph.
_bx
245 1 0 _aOrganic foundations of animal behavior
_bx
250 _ax
260 _aN.Y.
_bHolt
_c1966
300 _axiv, 530
504 _ax
650 0 _aAnimals
_bAnimals
700 1 _ax
942 _2ddc
_cBK
999 _c69804
_d69804